00547nam a2200169Ia 450000500170000000800410001704000190005804100120007708200160008910000180010524501090012326000420023230000160027450400510029065000260034185000100036720221118121439.0131103s9999 xx 000 0 und d aLoreto College aEnglish a954.03bMAR aMartin,Briton aNew India 1885b British Official Policy and the emergence of the Indian Nation Congress cBriton Martin aBombaybOxford University Pressc1970 axii,365 p.  aIncludes index and bibliographical refereences aIndian Modern History aLCLIB